00374nam a2200145Ia 4500008004100000020001500041041001200056082001600068100001100084245007100095260002500166300000800191650000700199700002200206221030s9999 xx 000 0 und d a0074623508 aEnglish a105.23bBad aB. Ram 0aPower System Protection & Switchgearcby B. Ram, D. N. Vishwakarma bTMHaNew Delhic2003 a456 aEE aD. N. Vishwakarma